LEADER 01352nam--2200409---450- 001 990000423870203316 005 20100112093654.0 010 $a88-348-5187-0 035 $a0042387 035 $aUSA010042387 035 $a(ALEPH)000042387USA01 035 $a0042387 100 $a20010503d1995----km-y0itay0103----ba 101 $aita 102 $aIT 105 $a||||||||001yy 200 1 $a<> aspetti contabili dell aimprese alberghiere$fMaria Silvia Avi 210 $aTorino$cGiappichelli$d1995 215 $aIX, 467 p.$d24 cm 225 2 $aLa produzione e l'organizzazione dei viaggi e del turismo$v0002 410 $12001$aLa produzione e l'organizzazione dei viaggi e del turismo$v0002 461 1$1001-------$12001 606 0 $aAlberghi$xContabilità 676 $a657.837 700 1$aAVI,$bMaria Silvia$0115950 801 0$aIT$bsalbc$gISBD 912 $a990000423870203316 951 $aXXX.B. Coll. 90/ 2 (Coll. PAG 2)$b4131 EC$cXXX.B. Coll. 90/ 2 (Coll. PAG)$d00263395 959 $aBK 969 $aECO 979 $aPATTY$b90$c20010503$lUSA01$h1404 979 $aPATTY$b90$c20010503$lUSA01$h1404 979 $c20020403$lUSA01$h1650 979 $aPATRY$b90$c20040406$lUSA01$h1629 979 $aRSIAV5$b90$c20100112$lUSA01$h0936 996 $aAspetti contabili dell aimprese alberghiere$9873638 997 $aUNISA LEADER 01216nam0-2200409---450 001 990005676980203316 005 20180308151032.0 035 $a000567698 035 $aUSA01000567698 035 $a(ALEPH)000567698USA01 035 $a000567698 100 $a20051018d1979----|||y0itaa50------ba 101 $afre 102 $afr 105 $a0 00||| 200 1 $a<> système stoicien et l'idée de temps$fpar Victor Goldschmidt 205 $a4. éd. rev. et augment 210 $aParis$cVrin$d1979 215 $a270 p.$d22 cm. 225 2 $aBibliotheque d'histoire de la philosophie 410 0$12001$aBibliotheque d'histoire de la philosophie 606 $aTEMPO$xCONCEZIONE STOICA$2F 620 $dPARIS 676 $a115 700 1$aGOLDSCHMIDT,$bVictor$0162169 801 0$aIT$bSA$c20111219 899 $aDipar.to di Filosofia - Salerno$2SADF 912 $a990005676980203316 950 0$aDipar.to di Filosofia - Salerno$dDFFGS GOL$e583 FIL 951 $aFGS GOL$b583 FIL 959 $aBK 969 $aFIL 979 $c20121027$lUSA01$h1526 979 $c20121027$lUSA01$h1615 996 $aSystème stoïcien et l'idée de temps$9269197 997 $aUNISA NUM $aSA0015337